To compare the antibacterial efficacy of 810 nm diode laser and photodynamic therapy in reducing microbial flora in patients with peri-implant mucositis (Record no. 25632)
[ view plain ]
| 000 -LEADER | |
|---|---|
| fixed length control field | 00475nam a22001457a 4500 |
| 003 - CONTROL NUMBER IDENTIFIER | |
| control field | SGT |
| 082 ## - DEWEY DECIMAL CLASSIFICATION NUMBER | |
| Classification number | 617.69 |
| Item number | T23P |
| 100 ## - MAIN ENTRY--PERSONAL NAME | |
| Personal name | Poonam |
| 245 ## - TITLE STATEMENT | |
| Title | To compare the antibacterial efficacy of 810 nm diode laser and photodynamic therapy in reducing microbial flora in patients with peri-implant mucositis |
| Remainder of title | An Invivo study |
| 260 ## - PUBLICATION, DISTRIBUTION, ETC. (IMPRINT) | |
| Place of publication, distribution, etc | Gurugram, Haryana |
| Name of publisher, distributor, etc | SGT University |
| Year of Publication | 2023 |
| 300 ## - PAGE DESCRIPTION | |
| No. of Pages | 116 |
| 650 ## - SUBJECT ADDED ENTRY--TOPICAL TERM | |
| Topical term or geographic name as entry element | Prosthodontics |
| 653 ## - KEYWORDS--INDEX TERM | |
| Keyword term | Prosthodontics |
| 942 ## - ADDED ENTRY ELEMENTS (KOHA) | |
| Source of classification or shelving scheme | Dewey Decimal Classification |
| Koha item type | Thesis/Dissertation |
| Withdrawn status | Lost status | Source of classification or shelving scheme | Damaged status | Not for loan | Home library | Current library | Date acquired | SGTU | Total Checkouts | Full call number | Accession No. (Barcode) | Date last seen | Bill Date | Koha item type |
|---|---|---|---|---|---|---|---|---|---|---|---|---|---|---|
| Dewey Decimal Classification | Not For Loan | SGT Dental Library | SGT Dental Library | 23/01/2024 | SGTU | 617.69 T23P | DT1782 | 23/01/2024 | 23/01/2024 | Thesis/Dissertation |